书目信息 |
| 题名: |
药用辅料及其管理
|
|
| 作者: | 李钧 主编 | |
| 分册: | ||
| 出版信息: | 北京 化学工业出版社 2009 |
|
| 页数: | 211页 | |
| 开本: | 24cm | |
| 丛书名: | ||
| 单 册: | ||
| 中图分类: | TQ460.4 | |
| 科图分类: | ||
| 主题词: | 制剂辅料(医药) | |
| 电子资源: | ||
| ISBN: | 978-7-122-04939-1 | |
| 000 | 00749nam0 2200229 45 | |
| 001 | 1050912797 | |
| 005 | 20100420100146.17 | |
| 010 | @a978-7-122-04939-1@dCNY39.00 | |
| 100 | @a20100409d2009 em y0chiy0110 ea | |
| 101 | 0 | @achi |
| 102 | @aCN@b110000 | |
| 105 | @aak z 000yy | |
| 106 | @ar | |
| 200 | 1 | @a药用辅料及其管理@AYao Yong Fu Liao Ji Qi Guan Li@f李钧主编@FLi Jun Zhu Bian |
| 210 | @a北京@c化学工业出版社@d2009 | |
| 215 | @a211页@c图表@d24cm | |
| 330 | @a本书简要论述药用辅料作用的重要性,按类别剂型介绍常用辅料品种,重点阐述药用辅料的注册管理和生产质量管理等方面的要求。 | |
| 606 | 0 | @a制剂辅料(医药) |
| 690 | @aTQ460.4@v4 | |
| 701 | 0 | @a李钧@ALi Jun@4主编 |
| 801 | 0 | @aCN@bTANGWEI@c20100420 |
| 905 | @b0591688-92@dTQ460.4@e46@f5 | |
| 药用辅料及其管理/李钧主编.-北京:化学工业出版社,2009 |
| 211页:图表;24cm |
| ISBN 978-7-122-04939-1:CNY39.00 |
| 本书简要论述药用辅料作用的重要性,按类别剂型介绍常用辅料品种,重点阐述药用辅料的注册管理和生产质量管理等方面的要求。 |
| ● |
| 相关链接 |
|
|
|
|
正题名:药用辅料及其管理
索取号:TQ460.4/46
 
预约/预借
| 序号 | 登录号 | 条形码 | 馆藏地/架位号 | 状态 | 备注 |
| 1 | 0591688 | 205916883 | 第二样本阅览室/ [索取号:TQ460.4/46] | 在馆 | |
| 2 | 0591689 | 205916892 | 第三借阅区/ [索取号:TQ460.4/46] | 在馆 | |
| 3 | 0591690 | 205916909 | 第三借阅区/ [索取号:TQ460.4/46] | 在馆 | |
| 4 | 0591691 | 205916918 | 第三借阅区/ [索取号:TQ460.4/46] | 在馆 | |
| 5 | 0591692 | 205916927 | 密集书库-生命科学系/ [索取号:TQ460.4/46] | 在馆 |